| 000 | 00493nam a2200169Ia 4500 | ||
|---|---|---|---|
| 999 |
_c22332 _d22332 |
||
| 003 | OSt | ||
| 005 | 20200319122624.0 | ||
| 008 | 190216s9999||||xx |||||||||||||| ||und|| | ||
| 040 | _coclc | ||
| 082 |
_a297.64 _bTHA/C |
||
| 100 |
_aTharuvana, O M _91969 |
||
| 245 | 0 |
_aCharithra Vanithakal / _c O M Tharuvana |
|
| 260 |
_bPoomkavanam Books Publishers, _c1992. _aCalicut: |
||
| 300 | _a108p | ||
| 650 | _aIslamic History | ||
| 942 |
_cBK _2ddc _h297.64 _iTHA/C _k297.64 _mTHA/C |
||